Movies Quiz

Random Movies or Pixar Quiz

Mothers in Disney Movies Quiz Stats

 Plays Quiz Updated Oct 5, 2016

Also try: Disney Cats
Challenge
Share
Tweet
Score 0/20 Timer 06:00
4 Plays Today
% Correct
Dumbo
99.4%
The Lion King
99.3%
Beauty and the Beast
96.1%
Bambi
95.8%
The Incredibles
95.5%
Lady and the Tramp
95.3%
Tarzan
94.8%
Peter Pan
94.8%
Mulan
94.3%
The Aristocats
93.7%
% Correct
Brave
92.4%
Sleeping Beauty
92.1%
Tangled
91.3%
One Hundred and One Dalmatians
91%
Toy Story 3
90.9%
Hercules
89.3%
The Princess and the Frog
87.6%
The Jungle Book (1967)
80.6%
Inside Out
77.8%
The Emperor's New Groove
77%

You're not logged in!

Compare scores with friends on all Sporcle quizzes.
OR
Log In

You Might Also Like...

Show Comments

Extras

Top Quizzes Today


Score Distribution

Your Account Isn't Verified!

In order to create a playlist on Sporcle, you need to verify the email address you used during registration. Go to your Sporcle Settings to finish the process.

Report this User

Report this user for behavior that violates our Community Guidelines.

Details: